[Event "Challenge"]
[Site "http://www.queenalice.com/game.php?id=733472"]
[Date "2010.2.17"]
[Round "-"]
[White "colatina"]
[Black "gilcesar"]
[Result "0-1"]
[WhiteElo "1619"]
[BlackElo "1849"]

1. e4 e5 2. c3 Nf6 3. Nf3 Nxe4 4. Nxe5 Qf6 5. Nf3 Qe6 6. Qe2 d5 7. d3 Nf6 8.
Qxe6+ Bxe6 9. Ng5 Bf5 10. Be2 h6 11. Nf3 Nbd7 12. Bf4 Bd6 13. Bxd6 cxd6 14. Na3
a6 15. Nd4 Bh7 16. c4 Ne5 17. cxd5 Nxd3+ 18. Bxd3 Bxd3 19. Rd1 Be4 20. O-O Bxd5
21. Nf5 O-O 22. Ne7+ Kh7 23. Nxd5 Nxd5 24. Rxd5 b5 25. Rxd6 Rfd8 26. Rfd1 Rxd6
27. Rxd6 Rc8 28. g3 b4 29. Rxa6 bxa3 30. bxa3 Rc2 31. Ra7 f6 32. a4 Rxa2 33. a5
Kg8 34. g4 Kf8 35. Kg2 Ra3 36. f3 g5 37. Rh7 Rxa5 38. Rxh6 Kg7 39. Rh5 Ra2+ 40.
Kg3 Ra3 41. h4 Kg6 42. Rh8 Kg7 43. hxg5 Kxh8 44. gxf6 Kh7 45. g5 Kg6 46. Kf4 Ra5
47. Kg4 Rxg5+ 48. Kh4 Kxf6 49. f4 Rg6 50. Kh5 Kf5 0-1

[Event "AUTO-ADV-1709"]
[Site "http://www.queenalice.com/game.php?id=754169"]
[Date "2010.3.31"]
[Round "1"]
[White "gipmachado"]
[Black "gilcesar"]
[Result "0-1"]
[WhiteElo "1644"]
[BlackElo "1915"]

1. e4 e5 2. Nf3 Nc6 3. Bb5 a6 4. Ba4 b5 5. Bb3 Bc5 6. c3 d6 7. d4 Bb6 8. dxe5
dxe5 9. O-O Qxd1 10. Rxd1 Nf6 11. Re1 O-O 12. Bg5 Bb7 13. Nbd2 Rfd8 14. Rad1 Rd6
15. c4 Ng4 16. Bh4 h6 17. Bg3 Ba5 18. h3 Nf6 19. cxb5 axb5 20. Re2 Rad8 21. Kf1
Nd4 22. Nxd4 Rxd4 0-1

[Event "AUTO-ADV-1709"]
[Site "http://www.queenalice.com/game.php?id=754170"]
[Date "2010.3.31"]
[Round "1"]
[White "gilcesar"]
[Black "gipmachado"]
[Result "1-0"]
[WhiteElo "1887"]
[BlackElo "1653"]

1. e4 e5 2. Nf3 Nc6 3. Bb5 a6 4. Ba4 Nf6 5. Nc3 Bc5 6. O-O d6 7. d4 Bxd4 8.
Bxc6+ bxc6 9. Nxd4 exd4 10. Qxd4 O-O 11. Bg5 Re8 12. Qa4 Bd7 13. f4 c5 14. Bxf6
1-0

[Event "AUTO-ADV-1709"]
[Site "http://www.queenalice.com/game.php?id=754183"]
[Date "2010.3.31"]
[Round "1"]
[White "Marivaldo"]
[Black "gilcesar"]
[Result "0-1"]
[WhiteElo "1882"]
[BlackElo "1871"]

1. d4 Nf6 2. Bg5 d5 3. Bxf6 exf6 4. e3 c6 5. a3 Qb6 6. b3 Bd6 7. Bd3 O-O 8. Ne2
Bg4 9. Nbc3 Qc7 10. h3 Bh5 11. f4 Bxe2 12. Qxe2 Qa5 13. Qd2 Bb4 14. axb4 Qxa1+
15. Nd1 Re8 16. O-O Qa3 17. Qc3 a5 18. b5 a4 19. Nf2 axb3 20. cxb3 Qa5 21. b4
Qa3 22. Qd2 Qa2 23. Qc1 Qb3 24. Qc5 Ra2 25. Rb1 Qa3 26. Bf5 Rxf2 27. Re1 Qb2 0-1

[Event "AUTO-ADV-1709"]
[Site "http://www.queenalice.com/game.php?id=754184"]
[Date "2010.3.31"]
[Round "1"]
[White "gilcesar"]
[Black "Marivaldo"]
[Result "1-0"]
[WhiteElo "1856"]
[BlackElo "1833"]

1. e4 d5 2. exd5 Qxd5 3. Nc3 Qd8 4. d4 Bf5 5. Bd3 Bg6 6. Nf3 Bh5 7. O-O c6 8.
Ne4 Bxf3 9. Qxf3 Qxd4 10. Be3 Qxb2 11. Rab1 Qxa2 12. Rxb7 a6 13. Rfb1 Nd7 14.
Nc5 Ngf6 15. Qxc6 Rd8 16. Nxa6 Qd5 17. Nc7# 1-0

[Event "AUTO-ADV-1709"]
[Site "http://www.queenalice.com/game.php?id=754191"]
[Date "2010.3.31"]
[Round "1"]
[White "volga1"]
[Black "gilcesar"]
[Result "0-1"]
[WhiteElo "1935"]
[BlackElo "1920"]

1. e4 e5 2. Nf3 Nc6 3. Bc4 Bc5 4. c3 Nf6 5. b4 Bb6 6. d4 exd4 7. Bg5 h6 8. Bh4
g5 9. Bg3 Nxe4 10. O-O d5 11. Re1 O-O 12. Bb5 dxc3 13. Bxc6 bxc6 14. Be5 Nxf2
15. Qe2 Nd3+ 16. Bd4 Nxe1 17. Qxe1 g4 18. Qe5 Bxd4+ 19. Nxd4 Re8 20. Qg3 Qf6 21.
Qxc3 Re1+ 22. Qxe1 Qxd4+ 23. Kh1 Qxa1 24. g3 Bf5 0-1

[Event "AUTO-ADV-1709"]
[Site "http://www.queenalice.com/game.php?id=754192"]
[Date "2010.3.31"]
[Round "1"]
[White "gilcesar"]
[Black "volga1"]
[Result "1-0"]
[WhiteElo "1941"]
[BlackElo "1935"]

1. e4 g6 2. d4 Bg7 3. f4 d6 4. Nc3 e6 5. Nf3 Nd7 6. Be2 Ne7 7. O-O b6 8. a4 Bb7
9. Qd3 O-O 10. Be3 c5 11. Bf2 d5 12. e5 c4 13. Qd2 a6 14. b3 b5 15. axb5 axb5
16. Nxb5 cxb3 17. cxb3 Qb6 18. Qb4 Nc6 19. Qd6 Qd8 20. Rxa8 Qxa8 21. Qxd7 Rd8
22. Qc7 Rc8 23. Qb6 Bf8 24. Nd6 Bxd6 25. exd6 Nd8 26. Bh4 Bc6 27. Ne5 Rb8 28.
Qc5 Rxb3 29. Bxd8 Qxd8 30. Nxc6 Qd7 31. Ne5 1-0

[Event "QA-ANNIV-04"]
[Site "http://www.queenalice.com/game.php?id=762115"]
[Date "2010.4.16"]
[Round "8"]
[White "gilcesar"]
[Black "franchouillard"]
[Result "1/2-1/2"]
[WhiteElo "1937"]
[BlackElo "2032"]

1. e4 c5 2. c4 Nc6 3. Nc3 g6 4. g3 Bg7 5. Bg2 Nf6 6. Nge2 O-O 7. O-O d6 8. d3 a6
9. a4 e5 10. Nd5 Nxd5 11. cxd5 Nd4 12. Nxd4 cxd4 13. f4 Bd7 14. Qb3 b5 15. axb5
Bxb5 16. fxe5 dxe5 17. Bd2 Qd7 18. Rf3 Rac8 19. Bb4 Rfe8 20. Raf1 f6 21. Ra1 Kh8
22. Rf2 Rc7 23. Ba5 Rb7 24. Kh1 1/2-1/2

[Event "AUTO-ADV-1709"]
[Site "http://www.queenalice.com/game.php?id=867860"]
[Date "2010.12.5"]
[Round "2"]
[White "gilcesar"]
[Black "nenem"]
[Result "1-0"]
[WhiteElo "2057"]
[BlackElo "1805"]

1. e4 e5 2. Nf3 Nf6 3. d3 Bc5 4. Nxe5 Nc6 5. Nxc6 dxc6 6. Be2 h5 7. c3 Ng4 8. d4
Be7 9. O-O Be6 10. e5 Qd7 11. h3 O-O-O 12. Qa4 Kb8 13. Bc4 b5 14. Bxe6 Qxe6 15.
Qa6 Nh6 16. b4 g5 17. a4 Qd5 18. axb5 Qxb5 19. Qxa7+ Kc8 20. Qa2 Kd7 21. Qc2 g4
22. Bxh6 gxh3 23. c4 Qxb4 24. Bd2 Qb8 25. Qf5+ Ke8 26. e6 h2+ 27. Kxh2 Rd6 28.
Qxf7+ Kd8 29. Bb4 Rf8 30. Qg7 c5 31. Bxc5 c6 32. f4 Re8 33. Bxd6 1-0

[Event "AUTO-ADV-1709"]
[Site "http://www.queenalice.com/game.php?id=867861"]
[Date "2010.12.5"]
[Round "2"]
[White "nenem"]
[Black "gilcesar"]
[Result "0-1"]
[WhiteElo "1873"]
[BlackElo "2048"]

1. c4 Nf6 2. g3 g6 3. Bg2 Bg7 4. Nf3 O-O 5. O-O c6 6. Nc3 d5 7. cxd5 cxd5 8. d4
Nc6 9. Bg5 Ne4 10. Nxe4 dxe4 11. Nd2 Qxd4 12. Nxe4 Qxb2 13. h4 Qxa1 14. Qxa1
Bxa1 15. Rxa1 Rd8 16. Bh6 Bg4 17. f3 Bf5 18. Nc3 Rac8 19. e4 Be6 20. a4 Ne5 21.
Ne2 Rc2 22. Nf4 Bc4 23. h5 gxh5 24. Nxh5 Be2 25. g4 Bxf3 26. Bxf3 Nxf3+ 27. Kf1
Nh2+ 28. Kg1 Nxg4 29. Bf4 Rd3 30. Rc1 Rxc1+ 31. Bxc1 Rd1+ 0-1

[Event "AUTO-ADV-1709"]
[Site "http://www.queenalice.com/game.php?id=867862"]
[Date "2010.12.5"]
[Round "2"]
[White "gilcesar"]
[Black "filomenos"]
[Result "1-0"]
[WhiteElo "1986"]
[BlackElo "1954"]

1. e4 d5 2. exd5 Qxd5 3. Nc3 Qe6+ 4. Be2 g6 5. Nf3 Bg7 6. O-O c6 7. b3 Nf6 8.
Ba3 Qd7 9. Re1 O-O 10. Bc4 Re8 11. Bxf7+ Kxf7 12. Ne5+ 1-0

[Event "AUTO-ADV-1709"]
[Site "http://www.queenalice.com/game.php?id=867863"]
[Date "2010.12.5"]
[Round "2"]
[White "filomenos"]
[Black "gilcesar"]
[Result "0-1"]
[WhiteElo "1963"]
[BlackElo "2005"]

1. d4 Nf6 2. Nf3 e6 3. g3 b6 4. Bg2 Bb7 5. Bg5 h6 6. Bxf6 Qxf6 7. c3 Nc6 8. Nbd2
O-O-O 9. O-O g5 10. e4 g4 11. e5 Qg7 12. Ne1 h5 13. Nd3 h4 14. Nf4 hxg3 15. fxg3
Qh6 16. h4 gxh3 17. Nxh3 Nxe5 18. Bxb7+ Kxb7 19. dxe5 Bc5+ 20. Kg2 Qxh3+ 21. Kf3
Rdg8 22. Ne4 Rh5 23. Rh1 Qg4+ 0-1

[Event "Challenge"]
[Site "http://www.queenalice.com/game.php?id=920780"]
[Date "2011.4.2"]
[Round "-"]
[White "gilcesar"]
[Black "Ventura_2113"]
[Result "1-0"]
[WhiteElo "2061"]
[BlackElo "1911"]

1. e4 c5 2. c4 g6 3. Nc3 Bg7 4. d3 Nc6 5. g3 e6 6. Nf3 Nge7 7. Bg2 O-O 8. O-O a6
9. Be3 Nd4 10. Bg5 h6 11. Bd2 Nec6 12. Nxd4 Nxd4 13. Ne2 b5 14. Nxd4 cxd4 15.
Bb4 d6 16. e5 Ra7 17. Bxd6 Re8 18. c5 Bb7 19. c6 Ba8 20. Qc2 Bf8 21. Qc5 1-0

[Event "QA-ANNIV-05"]
[Site "http://www.queenalice.com/game.php?id=921213"]
[Date "2011.4.3"]
[Round "8"]
[White "cunha"]
[Black "gilcesar"]
[Result "1-0"]
[WhiteElo "2832"]
[BlackElo "2063"]

1. e4 e5 2. Nf3 Nc6 3. Bb5 Nf6 4. O-O d6 5. d4 Bd7 6. d5 Nb4 7. Qe2 c6 8. dxc6
Nxc6 9. Rd1 h6 10. c4 Be7 11. h3 O-O 12. Nc3 a6 13. Ba4 Qc7 14. Be3 Qa5 15. a3
Nxe4 16. Nd5 Qxa4 17. Nb6 Qa5 18. Nxd7 Nf6 19. Nxf8 Rxf8 20. Qc2 e4 21. Nd2 Qe5
22. Re1 d5 23. cxd5 Qxd5 24. Qb3 Qxb3 25. Nxb3 Ne5 26. Bc5 Re8 27. Bxe7 Rxe7 28.
Nc5 Nc4 29. b3 Na5 30. b4 Nc4 31. Red1 e3 32. fxe3 Kh7 33. Rd3 h5 34. Rc1 b5 35.
Nxa6 Ra7 36. Nc5 Rxa3 37. Rxa3 Nxa3 38. Rc3 Nc4 39. Na6 Ne4 40. Rd3 Kg6 41. Nc7
Ned6 42. Rd5 f5 43. Nxb5 Ne4 44. Nc3 Nxe3 45. Rd3 Nc4 46. Nxe4 fxe4 47. Rc3 Ne5
48. b5 Nf7 49. Rc8 1-0

[Event "QA-ANNIV-07"]
[Site "http://www.queenalice.com/game.php?id=950692"]
[Date "2011.6.16"]
[Round "1"]
[White "Leo_cx"]
[Black "gilcesar"]
[Result "0-1"]
[WhiteElo "1523"]
[BlackElo "2069"]

1. e3 e5 2. Qh5 Nc6 3. Bc4 d5 4. Be2 Nf6 5. Qf3 Bd6 6. Bb5 O-O 7. Bxc6 bxc6 8.
h3 e4 9. Qe2 c5 10. c3 Be6 11. g4 c4 12. g5 Nd7 13. h4 Ne5 14. b4 Bg4 15. Qf1
Nd3+ 16. Qxd3 cxd3 17. Rh2 Bxh2 18. Kf1 f6 19. Na3 fxg5 20. Kg2 Qd6 21. Nb5
Rxf2+ 22. Kxf2 Qg3+ 23. Kf1 Qxg1# 0-1